000 00300nam a2200109Ia 4500
008 171211s9999 xx 000 0 und d
245 _aHow to Be an Ass-Whipping Boxer
245 _cChamp Thomas
260 _c2000
650 _xMartial Arts
856 _uhttp://down.ebook777.com/064/9781559502054.pdf
999 _c348186
_d348186